| 000 | 00540nam a22001937a 4500 | ||
|---|---|---|---|
| 005 | 20251108172537.0 | ||
| 008 | 250721s9999 xx 000 0 ara d | ||
| 082 | 1 | 4 | _a523.103/منص |
| 245 | 1 | 0 | _aموسوعة الفلكية : الكون - الفضاء - الأرض / |
| 264 | 1 |
_aعمان : _bالأهلية للنشر، |
|
| 300 | _a323 ص | ||
| 650 | 1 | 7 | _aالنظام الشمسي |
| 650 | 1 | 7 | _aالقمر |
| 650 | 1 | 7 | _aالمذنبات |
| 650 | 1 | 7 | _aالنجوم |
| 650 | 1 | 7 | _aالأرض |
| 942 |
_2ddc _cBK |
||
| 999 |
_c82110 _d82110 |
||